Import subsititution policy and investment in Pakistan / (Record no. 184311)

000 -LEADER
fixed length control field 01012 a2200217 4500
003 - CONTROL NUMBER IDENTIFIER
control field Nust
005 - DATE AND TIME OF LATEST TRANSACTION
control field 20230306104431.0
010 ## - LIBRARY OF CONGRESS CONTROL NUMBER
LC control number 90930584
020 ## - INTERNATIONAL STANDARD BOOK NUMBER
International Standard Book Number 9694241227 :
040 ## - CATALOGING SOURCE
Transcribing agency Nust
082 ## - DEWEY DECIMAL CLASSIFICATION NUMBER
Classification number 332.6735491,SIA
100 1# - MAIN ENTRY--PERSONAL NAME
Personal name Sial, Muhammad Aslam.
9 (RLIN) 66942
245 10 - TITLE STATEMENT
Title Import subsititution policy and investment in Pakistan /
Statement of responsibility, etc. Muhammad Aslam Sial.
260 ## - PUBLICATION, DISTRIBUTION, ETC.
Place of publication, distribution, etc. Lahore :
Name of publisher, distributor, etc. Islamic Book Foundation,
Date of publication, distribution, etc. 1989.
300 ## - PHYSICAL DESCRIPTION
Extent 284 p. ;
Dimensions 22 cm.
440 #0 - SERIES STATEMENT/ADDED ENTRY--TITLE
Title IBF publication ;
Volume/sequential designation no. 122
9 (RLIN) 109785
505 ## - FORMATTED CONTENTS NOTE
Formatted contents note ISI And Trade Policy (Page-13), Development Planning And Industrialization In Pakistan (Page-27), Development Strategy And Policy For Industrialization (Page-52), Benefit Cost Method (Page-81), Theory Of Domestic Resource Cost (Page-106), Analyses Of Selected Projects (Page-124), Investment Decision (Page-151), Related Issues (Page-169), Integrative Conclusion (Page-201).
650 #0 - SUBJECT ADDED ENTRY--TOPICAL TERM
Topical term or geographic name entry element Import substitution
Geographic subdivision Pakistan.
9 (RLIN) 109786
650 #0 - SUBJECT ADDED ENTRY--TOPICAL TERM
Topical term or geographic name entry element Investments
Geographic subdivision Pakistan.
9 (RLIN) 109787
942 ## - ADDED ENTRY ELEMENTS (KOHA)
Source of classification or shelving scheme
Koha item type Book
Holdings
Withdrawn status Lost status Source of classification or shelving scheme Damaged status Not for loan Permanent Location Current Location Shelving location Date acquired Full call number Barcode Date last seen Price effective from Koha item type Public note
          Military College of Signals (MCS) Military College of Signals (MCS) General Stacks 12/12/2016 332.6735491,SIA MCS21704 12/08/2016 12/12/2016 Book Almirah No.73, Shelf No.5
© 2023 Central Library, National University of Sciences and Technology. All Rights Reserved.